000 00533 a2200181 4500
999 _c4546
_d4546
010 _aENG-86430
020 _a8181575563
_c120.00
035 _aEN-69963
037 _bDBAD / PUB
082 1 4 _a881
100 1 _aBashir, Saba Mahmood
245 1 _aMemory-past /
_cby Saba Mahmood Bashir
260 _aKolkata
_bWriters Workshop
_c2006
270 _a162/42, Lake Gardens,
_bCalcutta
_cWest Bengal
_e700 045
300 _a52p.
_c22cm (Hb)
490 _aWriters workshop redbird book
942 _adpl
_cEN
_2ddc
_h881
_mBAS